| 000 | 00363pab a2200145 454500 | ||
|---|---|---|---|
| 008 | 180718b2003 xxu||||| |||| 00| 0 eng d | ||
| 100 | _aAcharya, P.K. | ||
| 245 | _aMaternal factors and nutritional status of preschool children | ||
| 260 | _c2003 | ||
| 300 | _ap.109-19. | ||
| 362 | _aJan-Jun | ||
| 650 | _aNutrition | ||
| 773 | _aMan in India | ||
| 909 | _a57483 | ||
| 999 |
_c57483 _d57483 |
||